Trabajo Social y Derechos Humanos

Uloženo v:
Podrobná bibliografie
Korporativní autor: CODEHUCA
Médium: Text
Vydáno: San José: CODEHUCA
Tagy: Přidat tag
Žádné tagy, Buďte první, kdo vytvoří štítek k tomuto záznamu!

MARC

LEADER 00000 a a2200000 04500
001 25397
003
040
090 |a 181705  
110 |a CODEHUCA  
245 |a Trabajo Social y Derechos Humanos  
260 |a San José:   |b CODEHUCA  
300 |a 92 p  
999 |c 11447  |d 11447